000 00506nam a2200181Ia 4500
005 20250923144254.0
008 008 250917s9999 xx 000 0 eng d
037 _aTextual
040 _aDSWL
_beng
_cDSWL
041 _aeng
_2eng
084 _azG, N48
_qDSWL
100 _aJones, E. Stanley
_9823095
245 0 _aMahatma Gandhi
_cby E.Stanley Jones
260 _aLondon
_bHodder & Stonghton
_c1948
300 _a208 p.
942 _cTEXL
_hzG, N48
999 _c1436869
_d1436869